Biochar:an innovative soil ameliorant for climate change mitigation in NE India (Record no. 51595)

MARC details
000 -LEADER
fixed length control field 00341nam a2200121Ia 4500
100 ## - MAIN ENTRY--AUTHOR NAME
Personal name Mandal S et al.
245 #0 - TITLE STATEMENT
Title Biochar:an innovative soil ameliorant for climate change mitigation in NE India
260 ## - PUBLICATION, DISTRIBUTION, ETC. (IMPRINT)
Name of publisher Current Science
Year of publication 2013
300 ## - PHYSICAL DESCRIPTION
Number of Pages 568-569
650 ## - SUBJECT ADDED ENTRY--TOPICAL TERM
Topical Term Biochar
942 ## - ADDED ENTRY ELEMENTS (KOHA)
Koha item type Bibliography STAF
Holdings
Withdrawn status Lost status Damaged status Not for loan Home library Current library Date acquired Serial Enumeration / chronology Koha item type
      Bibliography RRII Library RRII Library 18/03/2014 Volume 105, Issue 5 Bibliography STAF